| 000 | 00553nam a2200181 i 4500 | ||
|---|---|---|---|
| 001 | 46930 | ||
| 003 | ES-MaACL | ||
| 005 | 20230906161454.0 | ||
| 007 | t| | ||
| 008 | 030402s1978 sp ||||1| spa d | ||
| 245 | 0 | 0 |
_aConstitución, economía y regiones (II) _b: ciclo de conferencias en el Club "Siglo XXI"... curso 1977-78. |
| 260 |
_aMadrid : _bIbérico Europea de Ediciones, _c[1978] |
||
| 300 |
_a535 p. ; _c21 cm. |
||
| 490 | 1 | _aNuestro siglo | |
| 830 | 0 |
_aNuestro siglo _9177842 |
|
| 852 |
_aES-MaACL _jA-9571 _bR.98455 |
||
| 999 |
_c46930 _d46930 |
||